{"text_format":"3","workbook":"xlsx","n_sheets":1,"sheets":["心内心外胸外项目"],"not_rendered":{"defined_names":1},"read":"whole","date_system":"1900"}

{"sheet":"心内心外胸外项目","index":0,"n_rows":27,"n_cols":6,"rows_kept":27}
["序号","申请设备名称","数量","单位","预算单价（万元）","预算金额（万元）"]
[1,"胸骨锯",4,"套",{"v":14,"d":"14.00"},{"v":56,"d":"56.00"}]
[2,"摆锯",2,"套",{"v":15,"d":"15.00"},{"v":30,"d":"30.00"}]
[3,"冠脉流量检测仪",1,"台",{"v":160,"d":"160.00"},{"v":160,"d":"160.00"}]
[4,"经食道超声",2,"台",{"v":150,"d":"150.00"},{"v":300,"d":"300.00"}]
[5,"心排量监测仪",2,"台",{"v":30,"d":"30.00"},{"v":60,"d":"60.00"}]
[6,"体外循环机+离心泵",2,"台",{"v":380,"d":"380.00"},{"v":760,"d":"760.00"}]
[7,"纤维支气管镜（粗中细各2）",6,"条",{"v":7,"d":"7.00"},{"v":42,"d":"42.00"}]
[8,"单腔临时起搏器",2,"台",{"v":7.5,"d":"7.50"},{"v":15,"d":"15.00"}]
[9,"激活全血凝固时间测试仪",1,"台",{"v":7,"d":"7.00"},{"v":7,"d":"7.00"}]
[10,"便携式彩超",1,"台",{"v":90,"d":"90.00"},{"v":90,"d":"90.00"}]
[11,"三维电生理导航系统（含射频消融仪）",1,"套",{"v":320,"d":"320.00"},{"v":320,"d":"320.00"}]
[12,"双道注射泵",13,"台",{"v":0.4,"d":"0.40"},{"v":5.2,"d":"5.20"}]
[13,"遥测心电监护系统（1拖40）",1,"套",{"v":45,"d":"45.00"},{"v":45,"d":"45.00"}]
[14,"心电监护仪",6,"台",{"v":1.5,"d":"1.50"},{"v":9,"d":"9.00"}]
[15,"多道电生理记录仪",1,"台",{"v":80,"d":"80.00"},{"v":80,"d":"80.00"}]
[16,"成人体外器械",2,"套",{"v":49,"d":"49.00"},{"v":98,"d":"98.00"}]
[17,"搭桥器械",2,"套",{"v":49,"d":"49.00"},{"v":98,"d":"98.00"}]
[18,"大血管器械",2,"套",{"v":49.5,"d":"49.50"},{"v":99,"d":"99.00"}]
[19,"小儿体外器械 ",2,"套",{"v":20,"d":"20.00"},{"v":40,"d":"40.00"}]
[20,"微创瓣膜器械",2,"套",{"v":48,"d":"48.00"},{"v":96,"d":"96.00"}]
[21,"微创搭桥器械",2,"套",{"v":48,"d":"48.00"},{"v":96,"d":"96.00"}]
[22,"高档监护仪",4,"台",{"v":18,"d":"18.00"},{"v":72,"d":"72.00"}]
[23,"输液采集系统（一拖六）",4,"套",{"v":5,"d":"5.00"},{"v":20,"d":"20.00"}]
[24,"呼吸机",2,"台",{"v":25,"d":"25.00"},{"v":50,"d":"50.00"}]
[25,"小儿膀胱镜及手术器械",2,"套",{"v":18,"d":"18.00"},{"v":36,"d":"36.00"}]
[26,null,{"$f":"SUM(C2:C26)","v":69},null,null,{"$f":"SUM(F2:F26)","v":{"v":2684.2,"d":"2684.20"}}]